[Event "Titled Tue 27th May Early"]
[Site "chess.com INT"]
[Date "2025.05.27"]
[Round "4"]
[White "Schubert, Christian"]
[Black "Brown, Akeem"]
[Result "0-1"]
[WhiteTitle "CM"]
[BlackTitle "CM"]
[WhiteElo "2203"]
[BlackElo "2055"]
[WhiteFideId "4604229"]
[BlackFideId "7402023"]
[EventDate "2025.05.27"]

1. e4 e5 2. Nc3 Nf6 3. Nf3 Bb4 4. Bc4 O-O 5. d3 d5 6. exd5 Nxd5 7. Bd2 Bxc3 8.
bxc3 Nc6 9. O-O Bg4 10. h3 Bh5 11. Re1 Re8 12. Rb1 Rb8 13. Bb5 Qd6 14. c4 Nde7
15. Bc3 f5 16. Ba4 Ng6 17. Rb5 Nf4 18. Rbxe5 Nxe5 19. Rxe5 Bxf3 20. Rxe8+ Rxe8
21. Qxf3 c6 22. c5 Qc7 23. Bb3+ Kh8 24. Kf1 Nd5 25. Bd4 Qh2 0-1

[Event "Titled Tue 27th May Early"]
[Site "chess.com INT"]
[Date "2025.05.27"]
[Round "4"]
[White "Uzdemir, Ali Poyraz"]
[Black "Turcsanyi, Vince Gergo"]
[Result "0-1"]
[WhiteTitle "CM"]
[BlackTitle "FM"]
[WhiteElo "2108"]
[BlackElo "2321"]
[WhiteFideId "51619733"]
[BlackFideId "791784"]
[EventDate "2025.05.27"]

1. e4 d6 2. d4 Nf6 3. Nc3 c6 4. h3 Qa5 5. Bd3 e5 6. Nf3 Be7 7. O-O O-O 8. Bd2
Qc7 9. Bg5 Nbd7 10. Qe2 Re8 11. Rad1 a6 12. Bc4 b5 13. Bb3 a5 14. a4 b4 15. Nb1
Ba6 16. Bc4 Bxc4 17. Qxc4 Nxe4 18. dxe5 Nxg5 19. Nxg5 Bxg5 20. exd6 Qb6 21. Nd2
Bxd2 22. Rxd2 Re6 23. Rfd1 Rae8 24. g3 Qc5 25. Qa6 Qb6 26. Qc4 Ne5 27. Qf4 Ng6
28. Qg5 h6 29. Qf5 c5 30. d7 Rd8 31. Rd5 Nf8 32. Qd3 Re7 0-1

[Event "Titled Tue 27th May Early"]
[Site "chess.com INT"]
[Date "2025.05.27"]
[Round "4"]
[White "Chiu, Isaac"]
[Black "Mora Munoz, Alejandro"]
[Result "1-0"]
[BlackTitle "FM"]
[WhiteElo "2226"]
[BlackElo "2147"]
[WhiteFideId "30900654"]
[BlackFideId "4469844"]
[EventDate "2025.05.27"]

1. d4 Nf6 2. Nf3 e6 3. c4 d5 4. Nc3 Bb4 5. Bg5 h6 6. Bxf6 Qxf6 7. Qa4+ Nc6 8. e3
O-O 9. Rc1 Bd7 10. Qc2 Rfe8 11. a3 Bxc3+ 12. Qxc3 Rac8 13. b4 dxc4 14. Bxc4 e5
15. dxe5 Nxe5 16. Nxe5 Rxe5 17. O-O Bc6 18. f3 Rce8 19. e4 h5 20. Qd4 h4 21.
Qxa7 Rg5 22. Qe3 h3 23. g3 Qg6 24. Qf4 Re7 25. Rcd1 Kh7 26. Rd8 Rh5 27. g4 Rhe5
28. Qg3 Qh6 29. Bxf7 Qe3+ 30. Kh1 Rxf7 31. Qxe5 Rf6 32. Qg3 Bxe4 33. Qxh3+ Rh6
34. Qg2 Bc6 35. Rf8 Rd6 36. g5 Rd2 37. g6+ Kh6 38. Qh3+ Kxg6 39. Qf5+ Kh6 40.
Rh8# 1-0

[Event "Titled Tue 27th May Early"]
[Site "chess.com INT"]
[Date "2025.05.27"]
[Round "4"]
[White "Bratovic, Blaz"]
[Black "Kosakowski, Jakub"]
[Result "0-1"]
[WhiteTitle "IM"]
[BlackTitle "GM"]
[WhiteElo "2319"]
[BlackElo "2530"]
[WhiteFideId "14603551"]
[BlackFideId "1185080"]
[EventDate "2025.05.27"]

1. e4 c5 2. Nf3 d6 3. d4 cxd4 4. Nxd4 Nf6 5. Nc3 a6 6. Bg5 e6 7. f4 h6 8. Bh4
Qb6 9. Bxf6 gxf6 10. Qd2 Qxb2 11. Nb3 Qa3 12. Be2 h5 13. O-O Nc6 14. Kh1 Bd7 15.
Nb1 Qb4 16. Qe3 d5 17. exd5 Ne7 18. Nc3 Rc8 19. dxe6 fxe6 20. Ne4 Nd5 21. Qd3 f5
22. Ng5 Nxf4 23. Qe3 Nxe2 24. Nxe6 Qe7 25. Rxf5 Bxe6 26. Re5 Rh6 27. Re1 Bg7 28.
Re4 Rxc2 29. Qa7 Kf8 30. R4xe2 Rxe2 31. Rxe2 Kg8 32. Qb8+ Kh7 33. Qf4 Qf7 34.
Qe4+ Qf5 35. Qxf5+ Bxf5 36. h3 Re6 37. Rf2 Re1+ 38. Kh2 Be5+ 39. g3 Be4 40. Rf7+
Kg6 0-1

[Event "Titled Tue 27th May Early"]
[Site "chess.com INT"]
[Date "2025.05.27"]
[Round "4"]
[White "Zobel, Christian"]
[Black "Sava, Robert-Gabriel"]
[Result "1-0"]
[WhiteTitle "CM"]
[BlackTitle "CM"]
[WhiteElo "2157"]
[BlackElo "2155"]
[WhiteFideId "16259068"]
[BlackFideId "1265725"]
[EventDate "2025.05.27"]

1. d4 e6 2. c4 b6 3. Nc3 Bb7 4. f3 f5 5. e3 Nf6 6. Bd3 Bb4 7. Ne2 O-O 8. O-O a5
9. e4 fxe4 10. fxe4 Bxc3 11. Nxc3 d5 12. cxd5 exd5 13. e5 Ne4 14. Rxf8+ Qxf8 15.
Bxe4 dxe4 16. Qg4 Nc6 17. Qxe4 Rd8 18. Be3 Qe7 19. Rf1 Ba8 20. Qg4 Qe8 21. e6
Rd6 22. Rf7 g6 23. d5 Ne7 24. Bf4 Rxd5 25. Nxd5 Bxd5 26. Qg5 Nf5 27. Qf6 Bxe6
28. Rxc7 Bd5 29. Be5 h5 30. Qh8# 1-0

[Event "Titled Tue 27th May Early"]
[Site "chess.com INT"]
[Date "2025.05.27"]
[Round "4"]
[White "Tarasov, Igor"]
[Black "Swara Lakshmi S Nair"]
[Result "0-1"]
[WhiteTitle "FM"]
[BlackTitle "WCM"]
[WhiteElo "2256"]
[BlackElo "2178"]
[WhiteFideId "4120256"]
[BlackFideId "25629239"]
[EventDate "2025.05.27"]

1. d4 Nf6 2. c4 g6 3. Nc3 d5 4. cxd5 Nxd5 5. Bd2 Bg7 6. Nf3 O-O 7. e4 Nxc3 8.
Bxc3 c5 9. Be2 cxd4 10. Nxd4 Qb6 11. Nb5 Bxc3+ 12. bxc3 Nc6 13. O-O Rd8 14. Qc2
a6 15. Na3 Qc5 16. Nc4 Be6 17. Ne3 Rac8 18. Rfd1 b5 19. Rxd8+ Rxd8 20. a4 Ne5
21. axb5 axb5 22. h3 Bc4 23. Bxc4 bxc4 24. Qb2 Nd3 25. Qb7 Nxf2 26. Kxf2 Rd2+
27. Kf3 Qh5+ 28. Kg3 Qe5+ 29. Kf3 Qf6+ 30. Kg3 Qxc3 31. Kf3 Qxa1 32. Qb8+ Kg7
33. Qe8 Qf6+ 34. Kg3 Qf2+ 35. Kh2 Qxe3 36. Qxe7 Qf4+ 37. Kh1 Rd1# 0-1

[Event "Titled Tue 27th May Early"]
[Site "chess.com INT"]
[Date "2025.05.27"]
[Round "4"]
[White "Kozak, Adam"]
[Black "Negrean, Andrei"]
[Result "1-0"]
[WhiteTitle "GM"]
[BlackTitle "FM"]
[WhiteElo "2578"]
[BlackElo "2336"]
[WhiteFideId "753246"]
[BlackFideId "1291513"]
[EventDate "2025.05.27"]

1. d4 Nf6 2. c4 c6 3. Nc3 d5 4. e3 Bf5 5. cxd5 cxd5 6. Qb3 Bc8 7. Nf3 Nc6 8. Bd3
e6 9. O-O Bd6 10. a3 O-O 11. Qc2 Bd7 12. e4 dxe4 13. Nxe4 Nxe4 14. Bxe4 h6 15.
Qe2 Rc8 16. b4 Rc7 17. Bb2 Ne7 18. d5 Nxd5 19. Rad1 Bc6 20. b5 Bd7 21. a4 Qe7
22. Ne5 Rfc8 23. Bb1 Be8 24. Qe4 Nf6 25. Qd3 Bc5 26. Ng4 e5 27. Bxe5 Rd7 28.
Nxf6+ Kf8 29. Qh7 Qxe5 30. Nxd7+ Bxd7 31. Rxd7 1-0

[Event "Titled Tue 27th May Early"]
[Site "chess.com INT"]
[Date "2025.05.27"]
[Round "4"]
[White "Sahetchian, Armand"]
[Black "Bustelo, Tabare"]
[Result "0-1"]
[WhiteTitle "CM"]
[BlackTitle "CM"]
[WhiteElo "2024"]
[BlackElo "2043"]
[WhiteFideId "607150"]
[BlackFideId "3000362"]
[EventDate "2025.05.27"]

1. d4 c5 2. e3 b6 3. Nf3 g6 4. c4 Bg7 5. Nc3 d6 6. Bd3 Nf6 7. O-O O-O 8. b3 Na6
9. Bb2 Bb7 10. Re1 Nc7 11. d5 e6 12. e4 exd5 13. exd5 Re8 14. Qc2 Rxe1+ 15. Rxe1
Qf8 16. Ne4 Nxe4 17. Bxg7 Qxg7 18. Rxe4 Re8 19. Rxe8+ Nxe8 20. Qe2 Qa1+ 21. Ne1
Nf6 22. f3 Kg7 23. Kf2 Bc8 24. g3 Qd4+ 25. Kg2 Qe5 26. Qxe5 dxe5 27. f4 exf4 28.
gxf4 Ne8 29. Nf3 Nd6 30. Ne5 a6 31. Nc6 b5 32. a4 bxa4 33. bxa4 Bd7 34. Nb8 Bxa4
35. Kf1 a5 36. Na6 Bb3 37. Nxc5 Bxc4 38. Bxc4 Nxc4 39. Ke2 Kf6 40. Kd3 Nd6 41.
Kc3 Kf5 42. Nb3 a4 43. Nc5 a3 44. Kb3 Kxf4 45. Kxa3 Ke5 46. Nd7+ Kxd5 47. Nf6+
Ke5 48. Nxh7 f5 49. Kb3 f4 50. Kc3 Ke4 51. Ng5+ Ke3 52. h4 Ne4+ 53. Kc2 Nxg5 0-1

[Event "Titled Tue 27th May Early"]
[Site "chess.com INT"]
[Date "2025.05.27"]
[Round "4"]
[White "Gunawardhana, Devindya Oshini"]
[Black "Khodashenas, Mersad"]
[Result "0-1"]
[WhiteTitle "WIM"]
[BlackTitle "IM"]
[WhiteElo "2068"]
[BlackElo "2471"]
[WhiteFideId "29941482"]
[BlackFideId "12514195"]
[EventDate "2025.05.27"]

1. Nf3 d5 2. g3 Nc6 3. d4 Bf5 4. Bg2 Nb4 5. Na3 e6 6. O-O h6 7. c3 Nc6 8. Nc2
Nf6 9. b3 Bd6 10. Bb2 e5 11. dxe5 Nxe5 12. Nxe5 Bxe5 13. Ne3 Be6 14. Kh1 c6 15.
f4 Bc7 16. f5 Bc8 17. c4 dxc4 18. Nxc4 O-O 19. Qxd8 Rxd8 20. e4 b5 21. Ne3 Rd2
22. Rab1 Bb7 23. e5 Nd5 24. Nxd5 cxd5 25. e6 Re8 26. Bc3 Rxg2 27. Kxg2 d4+ 28.
Kh3 dxc3 29. Rbc1 b4 30. a3 a5 31. axb4 axb4 32. exf7+ Kxf7 33. Rfd1 Bc8 34. g4
Re2 35. Rh1 Bb7 36. Rce1 Rf2 37. Ref1 Bg2+ 38. Kh4 Rxf1 0-1

[Event "Titled Tue 27th May Early"]
[Site "chess.com INT"]
[Date "2025.05.27"]
[Round "4"]
[White "Jiganchine, Roman"]
[Black "Bahmani, Koorosh"]
[Result "0-1"]
[WhiteTitle "CM"]
[BlackTitle "CM"]
[WhiteElo "2205"]
[BlackElo "2208"]
[WhiteFideId "2603667"]
[BlackFideId "42576750"]
[EventDate "2025.05.27"]

1. Nf3 d5 2. e3 Nf6 3. c4 c6 4. Nc3 e6 5. b3 Nbd7 6. Bb2 Bd6 7. Qc2 O-O 8. Rg1
Nc5 9. g4 Nfe4 10. Nxe4 dxe4 11. Qc3 f6 12. Nd4 Be5 13. g5 Nd3+ 14. Bxd3 exd3
15. c5 fxg5 16. Qxd3 Bf6 17. O-O-O Qd5 18. Qc4 Qxc4+ 19. bxc4 e5 20. Ne2 Be6 21.
Ng3 Bxc4 22. d3 Bxa2 23. Ne4 h6 24. Kc2 Bd5 25. Nc3 Be6 26. Ne4 b6 27. Bc3 Bd5
28. Ra1 bxc5 29. Ra6 c4 30. dxc4 Bxe4+ 31. Kd2 Rfd8+ 32. Kc1 Rab8 33. Bb2 Rb4 0-1

[Event "Titled Tue 27th May Early"]
[Site "chess.com INT"]
[Date "2025.05.27"]
[Round "4"]
[White "Kjaergaard-Jensen, Jesper"]
[Black "Papacek, Stepan"]
[Result "1-0"]
[WhiteTitle "CM"]
[BlackTitle "FM"]
[WhiteElo "2081"]
[BlackElo "2225"]
[WhiteFideId "1406990"]
[BlackFideId "301035"]
[EventDate "2025.05.27"]

1. d4 e6 2. Nf3 d5 3. c3 c5 4. Bg5 Qb6 5. Qb3 Nc6 6. Qxb6 axb6 7. e3 c4 8. Nbd2
b5 9. Ne5 Nxe5 10. dxe5 b4 11. Kd1 b5 12. Be2 Ne7 13. Nf3 Nc6 14. Bf4 bxc3 15.
bxc3 b4 16. Nd4 Bd7 17. Nb5 Rb8 18. Nc7+ Kd8 19. Na6 Ra8 20. Nxb4 Nxb4 21. cxb4
Bxb4 22. Kc2 Ba4+ 23. Kb2 Ke7 24. a3 Bc5 25. Rhb1 Rhb8+ 26. Kc3 Rb3+ 27. Rxb3
Bxb3 28. Kb2 h6 29. e4 d4 30. Bc1 Rb8 31. Bf3 c3+ 32. Kb1 Bd1+ 33. Ka2 Bb3+ 34.
Kb1 d3 35. Be3 1-0

[Event "Titled Tue 27th May Early"]
[Site "chess.com INT"]
[Date "2025.05.27"]
[Round "4"]
[White "Toktomushev, Teimur"]
[Black "Nouali, Mohamed"]
[Result "1-0"]
[WhiteTitle "FM"]
[BlackTitle "FM"]
[WhiteElo "2398"]
[BlackElo "2157"]
[WhiteFideId "14176726"]
[BlackFideId "5502462"]
[EventDate "2025.05.27"]

1. d4 Nf6 2. c4 g6 3. Nc3 Bg7 4. e4 O-O 5. f3 d6 6. Be3 Nbd7 7. Nge2 e5 8. Qd2
exd4 9. Nxd4 Re8 10. O-O-O Nc5 11. Bh6 Bh8 12. h4 c6 13. g4 d5 14. exd5 cxd5 15.
Bg5 dxc4 16. Bxc4 Qa5 17. Kb1 Qb4 18. Bxf6 Qxc4 19. Bxh8 Kxh8 20. h5 Kg8 21.
hxg6 fxg6 22. Qh6 Qf7 23. Nd5 Be6 24. Qxh7+ Qxh7 25. Nf6+ Kg7 26. Nxh7 Bd5 27.
g5 Rh8 28. Nf6 Bc6 29. b4 Na4 30. Nxc6 1-0

[Event "Titled Tue 27th May Early"]
[Site "chess.com INT"]
[Date "2025.05.27"]
[Round "4"]
[White "Redor, Menandro"]
[Black "Luong Phuong Hanh"]
[Result "0-1"]
[BlackTitle "WIM"]
[WhiteElo "2021"]
[BlackElo "2144"]
[WhiteFideId "5222010"]
[BlackFideId "12401013"]
[EventDate "2025.05.27"]

1. d4 Nf6 2. Bf4 g6 3. Nc3 c6 4. e4 d6 5. Qd2 h5 6. O-O-O Bg7 7. Nf3 Qa5 8. e5
dxe5 9. dxe5 Ng4 10. h3 Nh6 11. Kb1 Nd7 12. Bc4 b5 13. e6 fxe6 14. Bxe6 Nc5 15.
Bb3 Nxb3 16. axb3 Nf5 17. Rhe1 O-O 18. Ne5 Rf6 19. g4 hxg4 20. hxg4 Nd6 21. Bh6
b4 22. Bxg7 bxc3 23. Qh6 Nf7 24. Qh8+ Nxh8 25. Bxh8 Kxh8 26. bxc3 Qxc3 27. Rh1+
Kg7 28. Nd3 Bxg4 29. Nb2 Bxd1 30. Rf1 Bxc2+ 31. Ka2 Qxb3+ 32. Ka1 Qa3# 0-1

[Event "Titled Tue 27th May Early"]
[Site "chess.com INT"]
[Date "2025.05.27"]
[Round "4"]
[White "Joseph Benher, Savio"]
[Black "Durarbayli, Vasif"]
[Result "0-1"]
[BlackTitle "GM"]
[WhiteElo "2115"]
[BlackElo "2612"]
[WhiteFideId "2629453"]
[BlackFideId "13402935"]
[EventDate "2025.05.27"]

1. e4 c5 2. Nf3 d6 3. d4 cxd4 4. Nxd4 Nf6 5. Nc3 Nc6 6. f3 g6 7. Be3 Bg7 8. Bc4
O-O 9. Qd2 Bd7 10. O-O-O Rc8 11. Bb3 Ne5 12. Kb1 Re8 13. h4 h5 14. Nde2 a5 15.
a4 b5 16. Nxb5 Bxb5 17. axb5 a4 18. Ba2 Nc4 19. Bxc4 Rxc4 20. e5 Nd7 21. exd6
exd6 22. Bf2 a3 23. Nc1 axb2 24. Na2 Ra4 25. Qxd6 Qa8 26. Qd5 Qa5 27. b6 Qa6 28.
b7 Rb8 29. Qb3 Rxb7 30. Qd5 Rb5 31. Qxd7 Rxa2 32. Qe8+ Kh7 33. Qxf7 Ra1# 0-1

[Event "Titled Tue 27th May Early"]
[Site "chess.com INT"]
[Date "2025.05.27"]
[Round "4"]
[White "Kim, Sergey"]
[Black "Rubio, Lloyd"]
[Result "1-0"]
[WhiteTitle "FM"]
[WhiteElo "2295"]
[BlackElo "2167"]
[WhiteFideId "13700570"]
[BlackFideId "5210453"]
[EventDate "2025.05.27"]

1. d4 Nf6 2. c4 g6 3. Nc3 Bg7 4. e4 d6 5. Nge2 O-O 6. Ng3 c5 7. d5 e6 8. Be2
exd5 9. cxd5 a6 10. a4 Nbd7 11. O-O Re8 12. Bf4 Ne5 13. Qd2 h5 14. Bg5 Qc7 15.
f4 Ned7 16. e5 Nh7 17. e6 Ndf8 18. f5 fxe6 19. dxe6 Bd4+ 20. Kh1 gxf5 21. Nxf5
Bxe6 22. Bh6 Be5 23. Bxh5 Nd7 24. Nd5 Qd8 25. Ra3 Kh8 26. Bxe8 Qxe8 27. Nc7 Qg8
28. Nxa8 Qxa8 29. Nxd6 Qg8 30. Raf3 Ndf6 31. Bf4 Bd4 32. Rg3 Ng4 33. b4 b6 34.
a5 Nhf6 35. axb6 Nh5 36. Rh3 Nf2+ 37. Rxf2 Bxh3 38. gxh3 Qd5+ 39. Rg2 Qf3 40.
Nf7+ Kh7 41. Ng5+ 1-0

[Event "Titled Tue 27th May Early"]
[Site "chess.com INT"]
[Date "2025.05.27"]
[Round "4"]
[White "Sonis, Francesco"]
[Black "Rozman, Levy"]
[Result "1-0"]
[WhiteTitle "GM"]
[BlackTitle "IM"]
[WhiteElo "2570"]
[BlackElo "2324"]
[WhiteFideId "895733"]
[BlackFideId "2039877"]
[EventDate "2025.05.27"]

1. Nf3 d5 2. e3 Nf6 3. c4 e6 4. b3 a6 5. Bb2 b6 6. g3 Bb7 7. cxd5 exd5 8. Bg2
Bd6 9. O-O O-O 10. Nc3 Nbd7 11. Rc1 Re8 12. Re1 Rc8 13. Re2 Qe7 14. d3 c5 15. d4
c4 16. a4 Ba3 17. bxc4 dxc4 18. Bxa3 Qxa3 19. Ra2 Qd6 20. Rb2 Ne4 21. Ne2 Qa3
22. Rbb1 Bc6 23. Ra1 Qd3 24. Qe1 Nd6 25. Nf4 Qf5 26. d5 Bb7 27. Nd4 Qe5 28. Qb4
Nc5 29. Qxb6 Nd3 30. Nxd3 cxd3 31. Rd1 d2 32. Qb4 Bxd5 33. Qxd2 Bxg2 34. Kxg2
Ne4 35. Qd3 Rc3 36. Qxa6 Nxf2 37. Nf3 Qe4 38. Rd4 Qc2 39. Rd2 Qe4 40. Rxf2 Rxe3
41. Raf1 g5 42. Kg1 Re6 43. Qc8+ Re8 44. Qc5 h6 45. Nxg5 hxg5 46. Qxg5+ Kh8 47.
Rxf7 Rxg3+ 48. hxg3 Qd4+ 49. R7f2 Re7 50. Qxe7 1-0

[Event "Titled Tue 27th May Early"]
[Site "chess.com INT"]
[Date "2025.05.27"]
[Round "4"]
[White "Newansa, M Esandi"]
[Black "Shymanskyi, Oleksandr"]
[Result "1-0"]
[WhiteTitle "WCM"]
[BlackTitle "FM"]
[WhiteElo "1947"]
[BlackElo "2218"]
[WhiteFideId "9999060"]
[BlackFideId "14168880"]
[EventDate "2025.05.27"]

1. d4 Nf6 2. Bf4 e6 3. e3 b6 4. Nf3 Bb7 5. h3 d5 6. Bd3 Bd6 7. Ne5 O-O 8. O-O c5
9. c3 Nc6 10. Nd2 Qc7 11. Ndf3 Ne4 12. Bc2 f5 13. Bh2 Rae8 14. Ba4 c4 15. Qc2 a6
16. Bxc6 Bxc6 17. Nxc6 Bxh2+ 18. Nxh2 Qxc6 19. f3 Ng3 20. Rfe1 e5 21. Qf2 Qg6
22. dxe5 Rxe5 23. Rad1 Rd8 24. Rd4 h6 25. Red1 Kh7 26. Rxc4 dxc4 27. Rxd8 f4 28.
e4 a5 29. Ng4 Re7 30. Rd4 h5 31. Nh2 Re5 32. Nf1 h4 33. Nxg3 fxg3 34. Qd2 Qe8
35. Rxc4 Qb5 36. Rd4 Qc5 37. b4 axb4 38. cxb4 Qc7 39. Rd5 Re8 40. Rd3 Rc8 41.
Kf1 Qe5 42. Ke2 Qa1 43. Ke3 Qg1+ 44. Kf4 Rf8+ 45. Kg4 Qa1 46. Kxh4 Qf6+ 47. Kxg3
Qe5+ 48. Kf2 Rf6 49. Rd5 Qa1 50. e5 Re6 51. Qd3+ Kh8 52. Rd8+ Re8 53. Rxe8# 1-0

[Event "Titled Tue 27th May Early"]
[Site "chess.com INT"]
[Date "2025.05.27"]
[Round "4"]
[White "Herrera Ortiz, Miguel"]
[Black "Aqib Javaid Butt"]
[Result "1-0"]
[WhiteTitle "IM"]
[WhiteElo "2174"]
[BlackElo "1855"]
[WhiteFideId "5100550"]
[BlackFideId "7801262"]
[EventDate "2025.05.27"]

1. c4 e5 2. Nc3 Nf6 3. Nf3 Nc6 4. g3 d5 5. cxd5 Nxd5 6. Bg2 Nb6 7. O-O Bd6 8. b3
O-O 9. d3 Bg4 10. Bb2 Qd7 11. Rc1 Bh3 12. Ne4 Bxg2 13. Kxg2 Rae8 14. a3 f5 15.
Nc5 Bxc5 16. Rxc5 e4 17. Ne1 Qe7 18. b4 e3 19. f3 f4 20. Qb3+ Kh8 21. Nc2 a5 22.
Nd4 Nxd4 23. Bxd4 a4 24. Qb2 c6 25. Re5 Qc7 26. Bxb6 Qxe5 27. Bd4 Qg5 28. Rc1
Re6 29. Rc5 Qe7 30. g4 Qh4 31. Rc1 Qf2+ 32. Kh1 Kg8 33. Qa2 Kf7 34. Rg1 1-0

[Event "Titled Tue 27th May Early"]
[Site "chess.com INT"]
[Date "2025.05.27"]
[Round "4"]
[White "Preobrazhenskaya, Diana"]
[Black "Mateus, Martha"]
[Result "1-0"]
[WhiteTitle "WFM"]
[BlackTitle "WIM"]
[WhiteElo "2103"]
[BlackElo "1963"]
[WhiteFideId "34270566"]
[BlackFideId "4401549"]
[EventDate "2025.05.27"]

1. e4 c5 2. Nf3 d6 3. d4 cxd4 4. Nxd4 Nf6 5. Nc3 Nc6 6. Bg5 e6 7. Qd3 Bd7 8.
O-O-O a6 9. f4 Be7 10. Qg3 h6 11. Bxf6 Bxf6 12. Nxc6 bxc6 13. Rxd6 Qa5 14. e5
Be7 15. Rd1 g5 16. f5 exf5 17. Bc4 Be6 18. Bxe6 fxe6 19. Qf3 Qxe5 20. Qxc6+ Kf7
21. Rhe1 Qf6 22. Rd7 Rac8 23. Qxa6 Rhd8 24. Red1 Rxd7 25. Rxd7 Rd8 26. Rxd8 Bxd8
27. Qb7+ Kg6 28. a4 Qd4 29. Kb1 Ba5 30. Qc6 Bxc3 31. bxc3 Qg1+ 32. Kb2 Kf6 33.
a5 Qa7 34. a6 f4 35. Qb7 1-0

[Event "Titled Tue 27th May Early"]
[Site "chess.com INT"]
[Date "2025.05.27"]
[Round "4"]
[White "Nguyen Quang Anh"]
[Black "Keneshbekov, Elim"]
[Result "1-0"]
[WhiteTitle "CM"]
[BlackTitle "CM"]
[WhiteElo "2052"]
[BlackElo "1867"]
[WhiteFideId "12432377"]
[BlackFideId "13816772"]
[EventDate "2025.05.27"]

1. d4 Nf6 2. c4 g6 3. Nc3 Bg7 4. e4 d6 5. f4 O-O 6. Nf3 Nbd7 7. Be2 e5 8. fxe5
dxe5 9. dxe5 Ng4 10. e6 fxe6 11. O-O Nde5 12. Qxd8 Rxd8 13. Nxe5 Nxe5 14. Bg5
Rd7 15. Bf4 c6 16. Rad1 Nf7 17. Bg4 Rxd1 18. Rxd1 e5 19. Bxc8 Rxc8 20. Be3 Rd8
21. Rxd8+ Nxd8 22. Bxa7 Ne6 23. Be3 Bf8 24. a3 Bc5 25. Kf2 Kf7 26. Bxc5 Nxc5 27.
Ke3 Nb3 28. Nb1 Ke6 29. Nd2 Nd4 30. Nf3 c5 31. Ng5+ Kd6 32. Nxh7 Kc6 33. Ng5
Nc2+ 34. Kd2 Nd4 35. Nf3 Kd6 36. Nxd4 cxd4 37. Kd3 g5 38. h3 Ke6 39. b4 Kf6 40.
a4 Ke6 41. g3 Kf6 42. b5 b6 43. a5 bxa5 44. b6 a4 45. b7 a3 46. b8=Q a2 47. Qd6+
Kf7 48. Qd5+ Kg6 49. Qe6+ Kh5 50. Qa6 1-0

[Event "Titled Tue 27th May Early"]
[Site "chess.com INT"]
[Date "2025.05.27"]
[Round "4"]
[White "Bodemar, Jonathan"]
[Black "Barwinska, Ewa"]
[Result "1-0"]
[WhiteTitle "CM"]
[BlackTitle "WFM"]
[WhiteElo "2150"]
[BlackElo "2014"]
[WhiteFideId "6205488"]
[BlackFideId "21833761"]
[EventDate "2025.05.27"]

1. e4 c5 2. Nc3 a6 3. a4 e6 4. Nge2 d5 5. exd5 exd5 6. d4 Be6 7. g3 Nf6 8. Bg2
Nc6 9. O-O Bd6 10. Be3 O-O 11. dxc5 Be5 12. Nd4 Qa5 13. Re1 Rac8 14. Nxc6 bxc6
15. Bd2 Qc7 16. Qe2 Bd4 17. Be3 Bxc3 18. bxc3 Rfe8 19. Qxa6 Ra8 20. Qd3 Qa5 21.
Qd4 Bf5 22. Bf4 Bxc2 23. Be5 Ne4 24. Bxe4 Bxe4 25. Bxg7 Qd8 26. Bh6 Qf6 27. Qxf6
Re6 28. Qg7# 1-0

[Event "Titled Tue 27th May Early"]
[Site "chess.com INT"]
[Date "2025.05.27"]
[Round "4"]
[White "Bukreev, Stanislav"]
[Black "Lee, Kyungseok"]
[Result "1-0"]
[WhiteTitle "FM"]
[BlackTitle "CM"]
[WhiteElo "2328"]
[BlackElo "2072"]
[WhiteFideId "34252347"]
[BlackFideId "13202154"]
[EventDate "2025.05.27"]

1. d4 d5 2. c4 e6 3. Nf3 Nf6 4. Nc3 Bb4 5. Qb3 c5 6. dxc5 Nc6 7. Bg5 h6 8. Bxf6
Qxf6 9. cxd5 exd5 10. e3 O-O 11. a3 Bxc3+ 12. Qxc3 Qxc3+ 13. bxc3 Bg4 14. Nd4
Na5 15. Rb1 a6 16. Nb3 Bf5 17. Rb2 Nxb3 18. Rxb3 Rfc8 19. Rxb7 Rxc5 20. Kd2 Ra5
21. Rb3 Be6 22. Bd3 Rc8 23. Rc1 Ra4 24. Rb6 a5 25. Ra1 g5 26. Bb5 Rh4 27. h3 g4
28. hxg4 Rh2 29. Rg1 Bxg4 30. Ra6 Rc5 31. Rxa5 Kg7 32. a4 Bd7 33. Ra7 Bxb5 34.
Ra5 Rh4 35. axb5 Rhc4 36. Rc1 Kg6 37. Ra6+ f6 38. Rb6 Ra4 39. Kd3 Ra5 40. Kd4
Rcxb5 41. Rxb5 Rxb5 42. Rc2 Kf5 43. f3 h5 44. e4+ dxe4 45. fxe4+ Kf4 46. c4 Re5
47. Re2 Re8 48. c5 Rd8+ 49. Kc4 Ke5 50. c6 Rd1 51. Kb5 Kd6 52. Rb2 Rd3 53. Kb6
Rc3 54. Rd2+ Ke7 55. c7 Rb3+ 56. Kc6 Rc3+ 57. Kb7 Rb3+ 58. Kc8 Rb1 59. Rd5 Rb2
60. Rxh5 Kd6 61. Kd8 1-0

[Event "Titled Tue 27th May Early"]
[Site "chess.com INT"]
[Date "2025.05.27"]
[Round "4"]
[White "Vera Gonzalez-Quevedo, Reynaldo"]
[Black "Dambaev, Dashi"]
[Result "1-0"]
[WhiteTitle "GM"]
[BlackTitle "CM"]
[WhiteElo "2299"]
[BlackElo "2211"]
[WhiteFideId "3500055"]
[BlackFideId "55628494"]
[EventDate "2025.05.27"]

1. d4 Nf6 2. c4 e6 3. Nc3 Bb4 4. Qc2 O-O 5. Nf3 c5 6. dxc5 Na6 7. g3 Nxc5 8. Bg2
Nce4 9. O-O Bxc3 10. bxc3 d5 11. Rd1 Qa5 12. cxd5 exd5 13. c4 Be6 14. Bb2 Rac8
15. Ne5 Nd6 16. Bc3 Qc7 17. Bb4 Rfd8 18. Rac1 Nxc4 19. Nd3 Bf5 20. Qb3 Re8 21.
Nf4 Be4 22. Nxd5 Nxd5 23. Rxd5 Bxg2 24. Kxg2 Qc6 25. Qf3 b5 26. a4 a6 27. axb5
axb5 28. Rcd1 Qe6 29. Rd7 Ne5 30. Qd5 Nxd7 31. Qxe6 Rxe6 32. Rxd7 Rxe2 33. Bc3 1-0

[Event "Titled Tue 27th May Early"]
[Site "chess.com INT"]
[Date "2025.05.27"]
[Round "4"]
[White "Pham, Le Thao Nguyen"]
[Black "Cuellar Montes, Alejandro"]
[Result "1/2-1/2"]
[WhiteTitle "IM"]
[BlackTitle "CM"]
[WhiteElo "2388"]
[BlackElo "2173"]
[WhiteFideId "12401226"]
[BlackFideId "32096836"]
[EventDate "2025.05.27"]

1. d4 Nf6 2. Nf3 d5 3. c4 e6 4. Nc3 Bb4 5. Bg5 dxc4 6. e4 c5 7. Bxf6 Qxf6 8.
Bxc4 Nc6 9. Bb5 Bd7 10. O-O cxd4 11. Bxc6 Bxc6 12. Qxd4 Qxd4 13. Nxd4 Bxc3 14.
Nxc6 Bxb2 15. Rab1 bxc6 16. Rxb2 O-O 17. Rc1 Rab8 18. Rbc2 Rfc8 19. f3 Rb6 20.
a4 Kf8 21. Kf2 Rb4 22. Rxc6 Rxc6 23. Rxc6 Rxa4 24. Rc7 Ra2+ 25. Kg3 e5 26. h4 h5
27. Kh3 g6 28. g4 hxg4+ 29. Kxg4 Kg7 30. h5 gxh5+ 31. Kxh5 a5 32. Kg5 Ra4 33.
Kf5 Ra3 34. Kxe5 Rxf3 35. Ra7 Ra3 36. Kf5 Ra1 37. e5 Rf1+ 38. Kg5 Rg1+ 39. Kf5
Rf1+ 40. Kg5 Rg1+ 41. Kf5 Rf1+ 1/2-1/2